[Event "Creon op 16th"]
[Site "Creon"]
[Date "2011.08.07"]
[Round "9"]
[White "Curely, Etienne"]
[Black "Fourcassies, Jerome"]
[Result "1/2-1/2"]
[WhiteElo "1821"]
[BlackElo "2017"]
[PlyCount "40"]
[EventDate "2011.08.01"]
[EventType "swiss"]
[EventRounds "9"]
[EventCountry "FRA"]
[SourceTitle "CBM 143 Extra"]
[Source "ChessBase"]
[SourceDate "2011.08.29"]
[SourceVersion "1"]
[SourceVersionDate "2011.08.29"]
[SourceQuality "1"]

1. e4 d5 2. exd5 Qxd5 3. Nc3 Qa5 4. Nf3 Nf6 5. Be2 Bf5 6. 0-0 e6 7. d3 c6 8. Bd2 Qc7 9. h3 Nbd7 10. Re1 Be7 11. Qc1 0-0 12. Nd1 Nd5 13. Ne3 Bg6 14. Nxd5 cxd5 15. c3 Nc5 16. d4 Nd3 17. Bxd3 Bxd3 18. Ne5 Be4 19. Qd1 Bd6 20. Ng4 Qb6 1/2-1/2

[Event "Ambes op 3rd"]
[Site "Ambes"]
[Date "2010.04.25"]
[Round "2"]
[White "L'Hospital, Philippe"]
[Black "Curely, Etienne"]
[Result "1/2-1/2"]
[WhiteElo "1891"]
[BlackElo "1793"]
[PlyCount "58"]
[EventDate "2010.04.24"]
[EventType "swiss"]
[EventRounds "9"]
[EventCountry "FRA"]
[SourceTitle "EXT 2011"]
[Source "ChessBase"]
[SourceDate "2010.11.26"]
[SourceVersion "1"]
[SourceVersionDate "2010.11.26"]
[SourceQuality "1"]

1. d4 d5 2. Nf3 Nf6 3. e3 c6 4. Bd3 Bg4 5. Nbd2 Nbd7 6. 0-0 e5 7. dxe5 Nxe5 8. Be2 Nxf3+ 9. Nxf3 Qc7 10. b3 Bd6 11. h3 h5 12. Bb2 0-0-0 13. Re1 Ne4 14. Kf1 Bxf3 15. Bxf3 Bb4 16. Kg1 Bxe1 17. Qxe1 Ng5 18. Be2 f6 19. c4 dxc4 20. Bxc4 Rhe8 21. Qe2 Rh8 22. Qc2 Qa5 23. Bc3 Qc7 24. a4 Rd6 25. Bb4 c5 26. Qf5+ Kb8 27. Bxc5 Rc6 28. Ba3 Nf7 29. Bd5 Rc3 1/2-1/2

[Event "Ambes op 3rd"]
[Site "Ambes"]
[Date "2010.04.24"]
[Round "1"]
[White "Curely, Etienne"]
[Black "Maisonnet, Emmanuel"]
[Result "1-0"]
[WhiteElo "1793"]
[BlackElo "1742"]
[PlyCount "89"]
[EventDate "2010.04.24"]
[EventType "swiss"]
[EventRounds "9"]
[EventCountry "FRA"]
[SourceTitle "EXT 2011"]
[Source "ChessBase"]
[SourceDate "2010.11.26"]
[SourceVersion "1"]
[SourceVersionDate "2010.11.26"]
[SourceQuality "1"]

1. e4 d6 2. d4 Nf6 3. Nc3 g6 4. f4 Bg7 5. Nf3 0-0 6. Bd3 c5 7. e5 dxe5 8. dxe5 Nd5 9. Nxd5 Qxd5 10. Qe2 Qc6 11. 0-0 Bf5 12. Bb5 Qe4 13. Be3 b6 14. Bd3 Qc6 15. Rac1 Bxd3 16. cxd3 Qd5 17. a3 Nc6 18. Rfd1 Rad8 19. d4 cxd4 20. Nxd4 Nxd4 21. Rxd4 Qb7 22. Rdc4 Rc8 23. Qc2 Rxc4 24. Qxc4 e6 25. b4 b5 26. Qc5 a6 27. Kf2 Rd8 28. Qc2 Qd5 29. Bb6 Ra8 30. Rd1 Qb7 31. Bc5 Rc8 32. Qd3 Qa8 33. Qe3 a5 34. Qd3 axb4 35. axb4 Qb7 36. Ra1 Bf8 37. Bxf8 Kxf8 38. Ra5 Qb6+ 39. Kg3 Rc4 40. Qd6+ Qxd6 41. exd6 Rxb4 42. Ra8+ Kg7 43. d7 Rd4 44. d8Q Rxd8 45. Rxd8 1-0

[Event "Ambes op 2nd"]
[Site "Ambes"]
[Date "2009.04.18"]
[Round "8"]
[White "Curely, Etienne"]
[Black "Castellani, Florent"]
[Result "1-0"]
[WhiteElo "1757"]
[BlackElo "1726"]
[PlyCount "79"]
[EventDate "2009.04.11"]
[EventType "swiss"]
[EventRounds "9"]
[EventCountry "FRA"]
[SourceTitle "EXT 2012"]
[Source "ChessBase"]
[SourceDate "2011.11.24"]
[SourceVersion "1"]
[SourceVersionDate "2011.11.24"]
[SourceQuality "1"]

1. e4 e5 2. Nf3 Nc6 3. Bb5 a6 4. Ba4 Nf6 5. Nc3 d6 6. d3 Be7 7. Be3 0-0 8. h3 b5 9. Bb3 Na5 10. 0-0 Nxb3 11. axb3 Bb7 12. Re1 d5 13. exd5 Nxd5 14. Nxe5 Bf6 15. d4 c5 16. Nxd5 Qxd5 17. Nf3 Rad8 18. c3 cxd4 19. cxd4 Rd7 20. Rc1 Rfd8 21. Rc3 Qf5 22. Nh2 Bxd4 23. Bxd4 h6 24. Rd3 Rd6 25. Ng4 h5 26. Ne3 Qd7 27. Nc2 Rg6 28. Rg3 Qc6 29. Rxg6 Qxg6 30. f3 Bc8 31. Kh1 Bf5 32. Re2 Bxc2 33. Rxc2 Qd6 34. Rd2 Qf4 35. Be3 Rxd2 36. Qxd2 Qg3 37. Bf2 Qe5 38. b4 g6 39. Bd4 Qc7 40. Qh6 1-0

[Event "Creon op 13th"]
[Site "Creon"]
[Date "2008.07.30"]
[Round "4"]
[White "Guliev, Logman"]
[Black "Curely, Etienne"]
[Result "1-0"]
[WhiteElo "2436"]
[BlackElo "1794"]
[PlyCount "53"]
[EventDate "2008.07.28"]
[EventType "swiss"]
[EventRounds "9"]
[EventCountry "FRA"]
[SourceTitle "CBM 125 Extra"]
[Source "ChessBase"]
[SourceDate "2008.09.01"]
[SourceVersion "1"]
[SourceVersionDate "2008.09.01"]
[SourceQuality "1"]

1. e4 c5 2. Nf3 d6 3. d4 cxd4 4. Nxd4 Nf6 5. Nc3 g6 6. g3 Bg7 7. Bg2 0-0 8. 0-0 Nbd7 9. a4 a6 10. h3 Qc7 11. Re1 Rd8 12. Nde2 Nb6 13. Bg5 Be6 14. Nf4 h6 15. Bxf6 Bxf6 16. a5 Nc4 17. Ncd5 Bxd5 18. Nxd5 Qc8 19. b3 Bxa1 20. Nxe7+ Kh7 21. Nxc8 Raxc8 22. Qxa1 Ne5 23. c4 Nd3 24. Rd1 Nb4 25. Qf6 Kg8 26. e5 dxe5 27. Rxd8+ 1-0

[Event "Creon op 13th"]
[Site "Creon"]
[Date "2008.07.28"]
[Round "1"]
[White "Curely, Etienne"]
[Black "Vaquier, Albert"]
[Result "1-0"]
[WhiteElo "1794"]
[BlackElo "1525"]
[PlyCount "59"]
[EventDate "2008.07.28"]
[EventType "swiss"]
[EventRounds "9"]
[EventCountry "FRA"]
[SourceTitle "CBM 125 Extra"]
[Source "ChessBase"]
[SourceDate "2008.09.01"]
[SourceVersion "1"]
[SourceVersionDate "2008.09.01"]
[SourceQuality "1"]

1. e4 c5 2. Nf3 e6 3. d4 cxd4 4. Nxd4 d6 5. Nc3 Nf6 6. Be2 Be7 7. 0-0 0-0 8. Be3 Nbd7 9. Qd2 Kh8 10. Rad1 a6 11. Kh1 Rg8 12. f4 Qf8 13. Rf2 Nc5 14. Bf3 Bd7 15. Nde2 Rc8 16. Bxc5 Rxc5 17. b4 Rc7 18. a3 Qc8 19. Rc1 b5 20. e5 dxe5 21. fxe5 Ne8 22. Qd3 Rf8 23. Bh5 g6 24. Bf3 Ng7 25. Be4 Kg8 26. Rf3 Rd8 27. Qe3 Rf8 28. Qh6 Qd8 29. Rh3 Nh5 30. Rxh5 1-0

[Event "Ambes op 1st"]
[Site "Ambes"]
[Date "2007.04.15"]
[Round "11"]
[White "Curely, Etienne"]
[Black "Favarel, Julien"]
[Result "0-1"]
[WhiteElo "1780"]
[BlackElo "2279"]
[PlyCount "62"]
[EventDate "2007.04.07"]
[EventType "swiss"]
[EventRounds "11"]
[EventCountry "FRA"]
[SourceTitle "CBM 117 Extra"]
[Source "ChessBase"]
[SourceDate "2007.05.09"]
[SourceVersion "1"]
[SourceVersionDate "2007.05.09"]
[SourceQuality "1"]

1. e4 c5 2. Nf3 Nc6 3. d4 cxd4 4. Nxd4 Nf6 5. Nc3 e5 6. Nf3 Bb4 7. Bd3 d5 8. Bd2 Bxc3 9. Bxc3 dxe4 10. Bb5 Qxd1+ 11. Rxd1 exf3 12. gxf3 0-0 13. Rg1 Nd4 14. Bxd4 exd4 15. Rxd4 Bf5 16. Rf4 Bg6 17. c3 Rad8 18. h4 a6 19. Ba4 b5 20. Bb3 Rfe8+ 21. Kf1 Nh5 22. Rfg4 Rd2 23. Kg2 Ree2 24. Rf1 Bc2 25. Bxc2 Rxc2 26. a4 Rxb2 27. axb5 axb5 28. Rd4 g6 29. Kg1 Ng3 30. Rfd1 Rxf2 31. Rb4 Rg2# 0-1

[Event "Ambes op 1st"]
[Site "Ambes"]
[Date "2007.04.13"]
[Round "8"]
[White "Fantinel, Thibault"]
[Black "Curely, Etienne"]
[Result "1-0"]
[WhiteElo "1768"]
[BlackElo "1780"]
[PlyCount "63"]
[EventDate "2007.04.07"]
[EventType "swiss"]
[EventRounds "11"]
[EventCountry "FRA"]
[SourceTitle "CBM 117 Extra"]
[Source "ChessBase"]
[SourceDate "2007.05.09"]
[SourceVersion "1"]
[SourceVersionDate "2007.05.09"]
[SourceQuality "1"]

1. d4 d5 2. c4 e6 3. Nc3 Nf6 4. Bf4 c6 5. e3 Nbd7 6. Nf3 Be7 7. h3 0-0 8. Bd3 h6 9. 0-0 Re8 10. c5 Bxc5 11. dxc5 e5 12. Nxe5 Nxe5 13. Bc2 Ned7 14. b4 a5 15. a3 axb4 16. axb4 Rxa1 17. Qxa1 Nh5 18. Bd6 Nf8 19. Bxf8 Rxf8 20. Ne2 Qg5 21. Kh1 Qe7 22. Qd4 Nf6 23. Qh4 Qe5 24. Qd4 Qe7 25. Ra1 Qc7 26. Qf4 Ne8 27. Qxc7 Nxc7 28. Bd3 Re8 29. Nd4 Kf8 30. Ra7 g6 31. Nxc6 bxc6 32. Rxc7 1-0